000 01139nam0a22002651 4500
001 rc\4197864
005 20260408022128.0
021 _aRU
_b[48-17470]
035 _a(NLR Aleph) 008006507
090 _a8673251
_c8673251
100 _a20130415d1948 |||y0rusy50 ca
101 0 _arus
102 _aRU
105 _ay z |||||
200 1 _aОсновные условия поставки резиновых изделий ширпотреба
210 _aМосква
_cИзд-во и тип. Центросоюза
_d1948
215 _a20 с.
_d20
300 _aНа 16-й с. подписи: нач. Главрезиносбыта... зам. министра торговли СССР... чл. Президиума Центросоюза СССР и РСФСР...
710 0 1 _aСССР
_bГлавное управление по сбыту резиновой продукции
_9861227
_3RU\NLR\AUTH\8810182302
712 0 1 _aСССР
_bМинистерство торговли
_9299814
_3RU\NLR\AUTH\8813405
801 0 _aRU
_bNLR
_gpsbo
801 1 _aRU
_bELAR
_2rusmarc
852 _aNLR
_jЭк54 Г-4/452
942 _cBOOK
980 _aNB